000 00423cam a2200169ua 4500
020 _c1.50
041 _amal
_h
082 _a894.812 09
_bSAN/LE
100 _aSankaraKurup, G.
245 _aLekhamala /
_cG Sankarakurup.
_hTextual Documents
260 _aKottayam :
_bSahitya Pravarthaka Co-operative Society ,
_c1958.
300 _a115 ; .
365 _a1.50
504 _a
942 _cBK
999 _c6601
_d6601